[Event "Bundesliga 1516"]
[Site "Germany"]
[Date "2016.04.23"]
[Round "14.1"]
[White "Duda, Jan Krzysztof"]
[Black "Gajewski, Grzegorz"]
[Result "1-0"]
[WhiteElo "2645"]
[BlackElo "2646"]
[Annotator "Besenthal,K"]
[PlyCount "155"]
[EventDate "2015.09.18"]
[EventType "team-tourn"]
[EventRounds "15"]
[EventCountry "GER"]
[SourceTitle "CBM 172"]
[Source "ChessBase"]
[SourceDate "2016.05.12"]
[SourceVersion "1"]
[SourceVersionDate "2016.05.12"]
[SourceQuality "1"]
[WhiteTeam "Hamburger SK"]
[BlackTeam "Dresden TU"]
[WhiteTeamCountry "GER"]
[BlackTeamCountry "GER"]

1. e4 c5 2. Nf3 d6 3. c3 Nf6 4. Bd3 {Diagramm [#] Schon häufig auf höchstem
Niveau gespielt, auch wenn es merkwürdig aussieht. Auf c2 findet der Läufer
aber ein gutes Feld.} Bg4 5. Bc2 Nc6 6. d3 e6 7. Nbd2 Be7 8. h3 Bh5 9. Qe2 Qc7
10. g4 Bg6 11. Nh4 Nd7 12. Ndf3 Nde5 13. Nxe5 {Diagramm [#]} dxe5 (13... Bxh4
14. Nxc6 Qxc6 15. Bd2 O-O 16. O-O-O $11 {war ebenfalls spielbar.}) 14. g5 {
Weiß wählt die kompliziertere Variante.} (14. Nxg6 hxg6 15. Be3 {wäre
ebenfalls möglich gewesen. Der Punkt d3 wäre hier nur vermeintlich schwach:
Er ist bestens gedeckt.}) 14... O-O-O 15. Bd2 Kb8 16. O-O-O Ka8 17. Kb1 {
Diagramm [#]} b5 {Diese Schwächung der eigenen Königsstellung sieht nicht
gut aus, auch wenn noch nicht viel passiert ist.} 18. Qf3 Qd7 19. Nxg6 hxg6 $6
(19... fxg6 {war stärker.}) 20. Qxf7 $1 {Diagramm [#] Damit hatte Schwarz
vielleicht nicht gerechnet. Oder er hatte die entstandene Situation positiv
für sich selber eingeschätzt, was nicht gerechtfertigt war. Die nächsten
Züge sind ziemlich zwangsläufig.} Rdf8 21. Qxg6 Bd6 22. Bb3 c4 23. dxc4 Ne7
24. Qxg7 Rhg8 25. Qh6 Rh8 26. Qg7 Rhg8 27. Qh6 Rh8 {Diagramm [#]} 28. g6 $3 {
Der nächste Schock für Schwarz!} Rxh6 29. Bxh6 Rc8 (29... Rh8 30. Bg7 {
hätte auch nicht wirklich geholfen.}) 30. c5 $1 {Trotzdem!} Rxc5 {Diagramm [#]
Mit dieser Stellung wurde die Partie auf "schachbundesliga.de" als Kandidat
für die "Partie der Saison" vorgestellt.} 31. Bf8 $3 {Auf diesen schönen
stillen Zug hat Schwarz keine vernünftige Antwort mehr. Der Bg6, die
Fesselung in der d-Linie, das weiße Läuferpaar, ein schlecht stehender Turm,
geschwächte Königsstellung - Schwarz kann diese Probleme nicht mehr lösen.}
Nxg6 32. Bxd6 Rc8 33. h4 a5 34. h5 Nf4 35. Bxe5 Qh7 36. Bc2 Nxh5 37. Rd6 Qf7
38. Ra6+ Kb7 39. Rxa5 Kb6 40. b4 Rd8 41. a4 Qf3 42. Rxb5+ Ka6 43. Rc1 Nf4 44.
Bxf4 {Diagramm [#] Weiß leistet sich jetzt noch einige Ungenauigkeiten, zu
denen auch dieser freiwillige Verzicht auf das Läuferpaar gehört. Der Sieg
des Anziehenden gerät aber nie in Gefahr, denn Schwarz hat den vielen
Freibauern auf Sicht nichts entgegenzusetzen.} Qxf4 45. Rc5 Qxf2 46. Rc6+ Kb7
47. Rxe6 Qf7 48. Bb3 Qf3 49. Bd5+ Kb8 50. Rb6+ Kc7 51. Rb7+ Kc8 52. Rf7 Qe2 53.
Rc2 Qd1+ 54. Kb2 Rh8 55. Rcf2 Qxa4 56. Rf8+ Rxf8 57. Rxf8+ Kc7 58. Bb3 Qb5 59.
Rf7+ Kd6 60. Rf5 Qe2+ 61. Bc2 Kc6 62. Rc5+ Kb6 63. Rd5 Kc6 64. Kb3 Kb6 65. c4
Qf3+ 66. Rd3 Qf7 67. Kb2 Qe6 68. Rc3 Qf6 69. Bd3 Qf2+ 70. Kb3 Qf7 71. Ka3 Kc6
72. c5 Qf6 73. Kb3 Qf7+ 74. Bc4 Qf2 75. Bd5+ Kb5 76. c6 Qe1 77. Rc5+ Kb6 78. c7
1-0

[Event "Vrnjacka Banja"]
[Site "Vrnjacka Banja"]
[Date "1991.??.??"]
[Round "3"]
[White "Davies, Nigel Rodney"]
[Black "Pavlovic, Milos"]
[Result "1-0"]
[WhiteElo "2500"]
[BlackElo "2480"]
[Annotator "Blatny,P"]
[PlyCount "51"]
[EventDate "1991.04.??"]
[EventType "tourn"]
[EventRounds "15"]
[EventCountry "YUG"]
[EventCategory "9"]
[SourceTitle "CBM 023"]
[Source "ChessBase"]
[SourceDate "1991.08.01"]
[SourceVersion "1"]
[SourceVersionDate "1991.08.01"]
[SourceQuality "1"]

1. e4 c5 2. Nf3 d6 3. g3 g6 4. Bg2 Bg7 5. O-O Nc6 6. c3 Bg4 $6 (6... Bd7 7. Re1
Qc7 $13) 7. h3 Bxf3 8. Qxf3 Nf6 9. d3 O-O 10. Be3 Nd7 11. Rd1 Rb8 12. Qe2 b5
13. d4 {[+]} Qc7 14. Na3 b4 15. Nc4 Na5 16. Rac1 bxc3 17. Rxc3 Rfc8 18. e5 cxd4
19. Rxd4 Nc5 20. Rd5 Rd8 21. Nxd6 $1 exd6 22. exd6 Qd7 23. Rcxc5 Rxb2 24. Qa6
$18 Nb7 25. Rc7 Rb1+ 26. Kh2 1-0

[Event "FRA-ch"]
[Site "Montpellier"]
[Date "1991.??.??"]
[Round "?"]
[White "Seret, Jean Luc"]
[Black "Hauchard, Arnaud"]
[Result "1-0"]
[WhiteElo "2425"]
[BlackElo "2435"]
[Annotator "Boensch,U"]
[PlyCount "79"]
[EventDate "1991.08.??"]
[EventType "tourn"]
[EventRounds "15"]
[EventCountry "FRA"]
[EventCategory "8"]
[SourceTitle "CBM 027"]
[Source "ChessBase"]
[SourceDate "1992.04.01"]
[SourceVersion "1"]
[SourceVersionDate "1992.04.01"]
[SourceQuality "1"]

1. e4 {Nach einer zurückhaltenden Eröffnung bringt Weiß ein schönes Damenopfer
für eine Figur und drei mächtige Freibauern.} c5 2. Nf3 d6 3. c3 Nf6 4. g3 $5 {
N; Ein neuer Zug, aber keine neue Idee. Weiß baut sich ' königsindisch ' auf.}
Nc6 5. Qe2 e5 (5... g6 6. Bg2 Bg7 7. O-O O-O 8. d3 e5 9. a3 Re8 10. b4 a6 11.
Nbd2 b6 12. bxc5 dxc5 13. a4 Rb8 14. Ba3 Na5 15. Rfb1 $14 {Seret,JL-Koch,JR
FRA-ch (08) 1991 1-0 102}) (5... Bg4 $5) 6. Bg2 Be7 7. O-O O-O 8. d3 Re8 9. a3
b6 10. b4 Bf8 11. Qc2 Bb7 12. b5 Nb8 13. c4 a6 14. Nc3 axb5 15. cxb5 (15. Nxb5
$14) 15... g6 $6 (15... h6 16. Nd2 d5 17. exd5 Nxd5 18. Bb2 (18. Nc4 $2 Nb4 19.
Qb1 Bxg2 20. Kxg2 Nxd3 (20... Qxd3 $5 21. axb4 Qxc3 22. Rxa8 Qxc4 $13) 21. Rd1
e4 22. Nxe4 Rxe4 23. Rxd3 Rd4 $10) 18... Nxc3 19. Bxb7 Ne2+ 20. Kh1 Ra7 21. Bg2
Nd4 22. Bxd4 $14) 16. Bg5 Nbd7 17. Nd2 h6 18. Bxf6 Nxf6 19. Nc4 Rb8 20. Rae1
Bg7 21. Ne3 Nd7 22. Ncd5 Nf8 23. Nc4 Ba8 24. Qa4 Ne6 25. Qa6 Bxd5 26. exd5 Nd4
27. Rb1 Bf8 28. a4 Ra8 29. Qxb6 Qe7 30. a5 Reb8 31. Qc6 $3 Nxc6 32. dxc6 d5 (
32... Qe6 33. c7 d5 (33... Rc8 34. Bxa8 Rxa8 35. b6 $18) 34. cxb8=Q Rxb8 35. a6
dxc4 (35... Ra8 36. b6 Rxa6 37. b7 $18) 36. a7 Bd6 37. b6 cxd3 38. b7 e4 39.
a8=Q $18) 33. Bxd5 Qd8 34. Bg2 Qxd3 (34... Rxa5 35. b6 $1 (35. Nxa5 Qxa5 36. b6
Rxb6 37. c7 Rxb1 38. c8=Q Rxf1+ 39. Bxf1 $15) 35... Rxb6 36. Rxb6 Ra7 37. Rb7
$18) 35. Rfc1 e4 36. c7 Re8 37. b6 Rac8 38. a6 e3 39. fxe3 Bd6 40. Bf1 {Boensch
} (40. Bf1 Qd5 41. Rd1 $18) 1-0

[Event "Munich SKA"]
[Site "Munich"]
[Date "1992.??.??"]
[Round "3"]
[White "Lutz, Christopher"]
[Black "Khalifman, Alexander"]
[Result "1-0"]
[WhiteElo "2540"]
[BlackElo "2625"]
[Annotator "Boensch,U"]
[PlyCount "115"]
[EventDate "1992.05.??"]
[EventType "tourn"]
[EventRounds "11"]
[EventCountry "GER"]
[EventCategory "14"]
[SourceTitle "CBM 030"]
[Source "ChessBase"]
[SourceDate "1992.10.01"]
[SourceVersion "1"]
[SourceVersionDate "1992.10.01"]
[SourceQuality "1"]

1. e4 c5 2. Nf3 d6 3. c3 Nf6 4. Be2 g6 5. O-O Bg7 6. Bb5+ Nc6 (6... Nbd7 7. Re1
a6 8. Bf1 O-O 9. d4 e5 10. dxe5 (10. d5 Nh5 $36 (10... b5 11. a4 Rb8 12. axb5
axb5 13. Na3 $14)) 10... Nxe5 11. Bg5 Qb6 12. Nxe5 dxe5 13. Qc2 Be6 $10 {
Kengis,E-Lukin.A Groningen op(3) 1991 1/2 27}) 7. d4 O-O (7... cxd4 8. cxd4 O-O
9. Nc3 Bg4 10. Be3 Nd7 11. Be2 e5 12. d5 Bxf3 13. dxc6 Bxe2 14. Nxe2 Nf6 15.
cxb7 Rb8 16. Nc3 $14 {Torre,T-Gallagher,J Saint John op-2 1988 1-0 32}) 8. d5
Nb8 9. Re1 e6 (9... a6 10. Bf1 b5 11. a4 $14) 10. a4 a6 11. Bf1 exd5 12. exd5
Bg4 (12... Bf5 $5) 13. h3 Bxf3 14. Qxf3 Re8 15. Rxe8+ Nxe8 16. Na3 Nd7 17. Bf4
Ne5 18. Qd1 Rb8 19. Qd2 Nc7 20. a5 Ne8 21. Nc4 $16 {^^} Nxc4 22. Bxc4 Nf6 23.
Re1 Qf8 24. Bb3 Re8 25. Rxe8 Qxe8 26. Qe3 Qxe3 (26... Qd7 $5) 27. Bxe3 Kf8 28.
Kf1 Ke7 29. Ke2 h5 $6 (29... Nd7 30. g4 b5 31. axb6 Nxb6 $14) 30. Bg5 Kf8 31.
f3 Ng8 (31... Nd7 32. Ba4 Ne5 33. b3 $16) 32. g4 hxg4 $2 (32... Nf6 33. Be3 Ke7
34. g5 Nd7 35. f4 $16 {/\ Bc2;f4-f5}) 33. fxg4 $1 {h-o^} Be5 34. h4 Bf6 35. Bf4
Ke7 36. g5 $6 (36. h5 $1 g5 37. Be3 Nh6 38. Kf3 $16) 36... Bg7 37. Kf3 Kd7 38.
Ba4+ Ke7 39. Bc2 Kd7 40. Ba4+ Ke7 41. Ke3 Be5 (41... Bf8 42. Bd1 $1 Bg7 (42...
Kd7 43. Bg4+ Kc7 44. h5 $18) 43. Bg4 $18) 42. Bxe5 dxe5 43. Ke4 Kd6 44. c4 $18
f5+ (44... Ne7 45. Be8 Nf5 46. Bxf7 Nxh4 47. b3 Ke7 48. Be6 Kd6 49. Bh3 $1 $18)
45. gxf6 Nxf6+ 46. Kf3 Ke7 47. Bc2 Kf7 48. d6 Ke6 49. Bxg6 Kxd6 50. h5 e4+ 51.
Kf4 Ke7 52. h6 e3 53. Bd3 (53. Kxe3 Ng4+ 54. Kf4 Nxh6 55. Be4 $18) 53... Kf7
54. Kf3 Nd7 55. Ke2 (55. Kxe3 Ne5 56. b3 Ng4+ 57. Kf4 Nxh6 58. Be4 $18) 55...
Kf6 56. Be4 b6 57. h7 Kg7 58. Bf5 {Boensch} 1-0

[Event "Rakvere Keres Memorial"]
[Site "Rakvere"]
[Date "1993.??.??"]
[Round "2"]
[White "Hodgson, Julian M"]
[Black "Ehlvest, Jaan"]
[Result "0-1"]
[WhiteElo "2625"]
[BlackElo "2620"]
[Annotator "Boensch,U"]
[PlyCount "80"]
[EventDate "1993.09.??"]
[EventType "tourn"]
[EventRounds "10"]
[EventCountry "EST"]
[EventCategory "15"]
[SourceTitle "CBM 038"]
[Source "ChessBase"]
[SourceDate "1994.02.01"]
[SourceVersion "1"]
[SourceVersionDate "1994.02.01"]
[SourceQuality "1"]

1. e4 c5 2. Nf3 d6 3. c3 Nf6 4. Be2 Nbd7 (4... Nc6 5. d4 cxd4 6. cxd4 Nxe4 7.
d5 Qa5+ 8. Nc3 Nxc3 9. bxc3 Ne5 10. Nxe5 Qxc3+ 11. Bd2 Qxe5 12. O-O a6 13. Rb1
g6 14. Qa4+ $1 Bd7 15. Bb5 $1 Qf5 16. Bxd7+ Qxd7 17. Qxd7+ Kxd7 18. Rxb7+ $16 {
Hjorth,Gu -Inf.56/201}) 5. d3 g6 6. O-O Bg7 7. Nbd2 O-O 8. Re1 (8. a4 b6 9. Nc4
Bb7 10. Ne3 Qc7 11. Re1 d5 12. exd5 Nxd5 13. Nxd5 Bxd5 14. d4 cxd4 15. Nxd4 Nc5
$15 {Kengis,E-West,G Sydney Cepacol (05) 1991 1/2 21}) (8. d4 Qc7 9. Re1 b6 10.
Bf1 e6 11. a4 Bb7 12. a5 Rac8 13. h3 {1/2 Kengis,E-Gulko,B Viena op (07) 1991})
8... b6 9. d4 cxd4 (9... Qc7 10. Bf1 e6 $10) 10. cxd4 Bb7 11. Bd3 Rc8 (11... e5
$5) 12. Nb3 e5 13. d5 Nh5 14. Bg5 $1 Bf6 (14... f6 $2 15. Bd2 Nf4 16. Bxf4 exf4
17. Nbd4 Nc5 18. b4 $16) 15. Bh6 Ng7 (15... Bg7 16. Qd2 (16. Bg5 $10) 16... Nf4
17. Bxf4 exf4 18. Qxf4 Bxb2 19. Rab1 Bc3 $15) 16. Qe2 Be7 17. Ba6 Rc7 18. Bxb7
Rxb7 19. Rac1 Nc5 20. Nbd2 a5 21. b3 f5 22. Rc3 Rf7 23. a3 fxe4 24. Nxe4 Nf5
25. Qd2 $2 (25. Bd2 $142) 25... Rc7 26. Nxc5 bxc5 27. Ng5 (27. Be3 $5 e4 $2 28.
Ng5 $14) 27... Bxg5 (27... Nxh6 $2 28. Ne6 $16) 28. Bxg5 Qa8 $17 {xd5} 29. Qd3
Nd4 30. Qe4 Rf5 31. Be3 Rb7 32. f4 $2 (32. Bxd4 cxd4 33. Rc6 Qf8 $1 $17) 32...
Qa6 $1 $19 33. Rd3 (33. Bxd4 Rxf4 $19) (33. fxe5 Ne2+ $19) 33... Rbf7 34. b4 (
34. fxe5 $2 Ne2+ (34... Rxe5 35. Rxd4 cxd4 36. Qxd4 Rfe7 $19) 35. Kh1 Rf1+ 36.
Bg1 Rxe1 $19) 34... Rxf4 $1 35. Bxf4 Rxf4 36. Qe3 Nc2 37. b5 Qb6 (37... Qxb5 $2
38. Rb3 $13) 38. Qh3 (38. Qd2 c4+ 39. Rde3 Nxe1 40. Qxe1 Re4 $19) 38... Nxe1
39. Qe6+ Kg7 40. Qh3 (40. Qd7+ Rf7 $19) 40... c4+ 0-1

[Event "Nettetal"]
[Site "Nettetal"]
[Date "1992.02.08"]
[Round "3"]
[White "Leko, Peter"]
[Black "Moiseev, Viktor"]
[Result "1-0"]
[WhiteElo "2385"]
[BlackElo "2480"]
[Annotator "Boensch,U"]
[PlyCount "69"]
[EventDate "1992.02.06"]
[EventType "tourn"]
[EventRounds "11"]
[EventCountry "GER"]
[EventCategory "9"]
[SourceTitle "CBM 028"]
[Source "ChessBase"]
[SourceDate "1992.06.01"]
[SourceVersion "1"]
[SourceVersionDate "1992.06.01"]
[SourceQuality "1"]

1. e4 c5 2. Nf3 d6 3. Bc4 e6 4. Qe2 (4. O-O Nf6 5. Re1 Be7 6. c3 O-O 7. Bb3 $10
(7. d4 Nxe4)) 4... Be7 5. O-O Nf6 6. c3 O-O 7. Bb3 (7. d4 Nxe4 $15) 7... b6 (
7... Nc6 8. d4 e5 9. dxc5 dxc5 10. Rd1 Qc7 11. Bg5 $14) 8. Re1 (8. d4 Ba6) 8...
Bb7 9. d3 Nc6 10. Nbd2 Rc8 11. Nf1 Ba6 12. Ng3 Nd7 (12... Ne5 $5) 13. Bc2 Re8
14. Bd2 Bf8 15. Rad1 g6 $6 {xf6,h6} (15... b5 $132) 16. Bg5 Qc7 17. Qd2 Bg7 18.
Bh6 Bh8 19. h4 $40 b5 20. h5 b4 21. Ne2 bxc3 22. bxc3 Nde5 23. Nh2 c4 24. d4
Nd3 25. Rf1 Qa5 26. hxg6 hxg6 27. Ng4 Qh5 (27... Qxa2 $2 28. Ra1 Qb2 29. Rfb1
$18) 28. f3 f5 29. Bxd3 fxg4 (29... cxd3 30. Nf4 Qh4 31. Nxg6 Qh5 32. Nxh8 fxg4
33. fxg4 Qxg4 34. Nf7 $18) 30. fxg4 Qxg4 31. Bc2 Bg7 32. Rf3 Rf8 (32... Qh5 33.
Bxg7 Kxg7 34. Rh3 $18) 33. Rg3 Qh4 34. Bg5 Qh5 35. Rh3 {Boensch} (35. Rh3 Qg4
36. Rh4 $18) 1-0

[Event "URS-ch46 First League"]
[Site "Ashkhabad"]
[Date "1978.??.??"]
[Round "11"]
[White "Makarichev, Sergey"]
[Black "Kupreichik, Viktor D"]
[Result "1/2-1/2"]
[WhiteElo "2495"]
[BlackElo "2490"]
[Annotator "Bulletin"]
[PlyCount "61"]
[EventDate "1978.10.??"]
[EventType "tourn"]
[EventRounds "17"]
[EventCountry "URS"]
[EventCategory "10"]
[SourceTitle "MCL"]
[Source "ChessBase"]
[SourceDate "1999.07.01"]
[SourceVersion "1"]
[SourceVersionDate "1999.07.01"]
[SourceQuality "1"]

1. e4 c5 2. Nf3 d6 3. c3 Nf6 4. Bc4 e6 5. Qe2 Be7 6. d4 cxd4 7. cxd4 d5 8. exd5
exd5 9. Bb5+ Nc6 10. Ne5 O-O 11. Bxc6 Bb4+ 12. Bd2 Bxd2+ 13. Nxd2 bxc6 14. O-O
(14. Nxc6 Qb6 15. Ne7+ Kh8 16. Nxc8 Raxc8 17. O-O $10) 14... Qb6 15. Qe3 Qxb2
16. Rfb1 Qc2 17. Rc1 Qa4 18. Nxc6 Re8 19. Qb3 Qa6 20. Nf3 Be6 21. a4 Ne4 22.
Qb5 Qb6 23. Qxb6 axb6 24. Rcb1 Nc3 25. Rxb6 Nxa4 26. Rb4 Nc3 27. Rxa8 Rxa8 28.
Rb8+ Rxb8 29. Nxb8 f6 30. h3 Kf7 31. Na6 1/2-1/2

[Event "Gran Canaria op"]
[Site "Las Palmas"]
[Date "1997.??.??"]
[Round "?"]
[White "Tischbierek, Raj"]
[Black "Epishin, Vladimir"]
[Result "0-1"]
[WhiteElo "2515"]
[BlackElo "2570"]
[Annotator "Bulletin"]
[PlyCount "54"]
[EventDate "1997.??.??"]
[EventType "swiss"]
[EventRounds "9"]
[EventCountry "ESP"]
[SourceTitle "EXT 1999"]
[Source "ChessBase"]
[SourceDate "1998.11.16"]
[SourceVersion "1"]
[SourceVersionDate "1998.11.16"]
[SourceQuality "1"]

1. e4 c5 2. Nf3 d6 3. c3 Nf6 4. Be2 g6 5. O-O Bg7 6. Bb5+ Nc6 7. d4 O-O 8. d5
Nb8 (8... Na5 $142) 9. Re1 e6 10. dxe6 (10. a4 $5 {Lutz-Khalifman (München
1992)}) 10... Bxe6 11. Bg5 $6 (11. Na3 $1 h6 (11... d5 12. exd5 Nxd5 13. Bg5) (
11... a6 12. Bc4 d5 13. exd5 Bxd5 14. Bg5) 12. Bf4 d5 13. exd5 Nxd5 14. Bg3 $14
{Torre-Gelfand (Jerewan/ol 1996)}) 11... a6 (11... Qb6 $6 12. Na3 a6 13. Bc4 (
13. Bf1 $5 Qxb2 14. Nc4 $44) 13... Qxb2 14. Bxe6 fxe6 (14... Qxa3 15. Bb3 {
>< Qa3}) 15. Nc4 Qxc3 16. Rc1 Qb4 17. Qxd6 $16) 12. Bf1 Nc6 13. Nbd2 b5 14. Nb3
$6 (14. a4 Qb6 $11) 14... Qc7 15. h3 Rfe8 16. Nfd2 Nd7 {/\ d5} 17. Be3 Nb6 18.
Qc2 b4 19. Rad1 a5 (19... Na4 20. Nb1) 20. a3 $2 (20. c4 $15 {Epishin}) (20.
Bf4 a4 $140 $2 21. Nxc5) 20... Na4 $1 $19 21. Bb5 (21. Nc4 Bxc4 22. Bxc4 bxc3
23. Bf4 Nxb2 24. Bxd6 Qc8 $19) 21... Nxb2 22. Qxb2 bxc3 23. Qc2 Reb8 $1 24. a4
$2 (24. Ba4 $142 cxd2 25. Rxd2) 24... Nb4 25. Qc1 Rxb5 26. axb5 c2 27. f4 a4
0-1

[Event "Brno-B"]
[Site "Brno"]
[Date "1995.??.??"]
[Round "1"]
[White "Cicak, Slavko"]
[Black "David, Pavel"]
[Result "1/2-1/2"]
[WhiteElo "2385"]
[BlackElo "2440"]
[Annotator "Bulletin"]
[PlyCount "63"]
[EventDate "1995.??.??"]
[EventType "tourn"]
[EventRounds "9"]
[EventCountry "CZE"]
[EventCategory "4"]
[SourceTitle "EXT 1999"]
[Source "ChessBase"]
[SourceDate "1998.11.16"]
[SourceVersion "1"]
[SourceVersionDate "1998.11.16"]
[SourceQuality "1"]

1. e4 c5 2. Nf3 d6 3. c3 Nf6 4. Bd3 Nc6 5. O-O Bg4 6. h3 Bh5 7. Re1 e6 8. Bb5
Rc8 9. d4 cxd4 10. cxd4 d5 11. e5 Ne4 12. Nc3 Nxc3 13. bxc3 Be7 14. Bd3 Bg6 15.
Rb1 Qd7 16. Bxg6 fxg6 17. Nh2 Na5 18. Re3 O-O 19. Rd3 Rc4 20. Nf1 Qc6 21. Qg4
Qa6 22. Rg3 Ra4 23. h4 Rxa2 24. Bf4 Rf7 25. Ne3 Qc6 (25... h5 $5 26. Qxg6 Bxh4
27. Rf3 Bxf2+ 28. Rxf2 Rxf2 29. Kxf2 Rxf4+ $15) 26. Rf3 Nc4 27. Nxc4 dxc4 28.
Rxb7 Qxb7 29. Qxe6 Qa6 30. Qd7 Bf8 31. Qe8 Qa4 32. Qa8 1/2-1/2

[Event "USA-ch"]
[Site "Greenville"]
[Date "1983.??.??"]
[Round "7"]
[White "Benjamin, Joel"]
[Black "Christiansen, Larry Mark"]
[Result "0-1"]
[WhiteElo "2475"]
[BlackElo "2520"]
[Annotator "Bulletin"]
[PlyCount "78"]
[EventDate "1983.07.??"]
[EventType "tourn"]
[EventRounds "13"]
[EventCountry "USA"]
[EventCategory "10"]
[SourceTitle "MCL"]
[Source "ChessBase"]
[SourceDate "1999.07.01"]
[SourceVersion "1"]
[SourceVersionDate "1999.07.01"]
[SourceQuality "1"]

1. e4 c5 2. Nc3 Nc6 3. Nf3 g6 4. g3 Bg7 5. Bg2 d6 6. O-O e5 7. Nd5 $6 (7. d3)
7... Nge7 8. c3 O-O 9. d3 Rb8 10. Be3 $2 (10. Nxe7+ Qxe7 11. Re1 $10) 10...
Nxd5 11. exd5 Ne7 12. Nd2 Nf5 $17 13. a3 (13. a4 b6 14. Nc4 Nxe3 15. fxe3 h5)
13... b5 14. b4 Nxe3 15. fxe3 Qb6 16. Qe2 cxb4 17. axb4 h5 $1 18. Kh1 Bg4 19.
Bf3 Bxf3+ 20. Rxf3 Rbc8 21. Ra3 a5 $1 22. bxa5 Qc5 23. Rb3 Qxd5 24. e4 Qc5 25.
Qf2 Bh6 26. Nb1 d5 $1 27. Qxc5 Rxc5 28. Na3 $2 (28. exd5 Rxd5 29. Na3 Ra8 30.
Rxb5 Rxb5 31. Nxb5 Rxa5 32. Nd6 Ra1+ 33. Kg2 f5 34. Nc4) 28... dxe4 29. dxe4
Ra8 30. Rxb5 (30. Nxb5 Bf8 $1) 30... Rxa5 31. Rb8+ $2 (31. Rxa5 Rxa5 32. Nc4
Rc5 33. Nd6 Rc7 34. Ne8 Rc6 $1 35. Nf6+ Kg7 36. Nd5 Rc4) 31... Kg7 32. c4 Ra7
$1 33. Rb5 Rc6 34. Rxe5 $6 Rf6 $1 35. Rb3 Rf1+ 36. Kg2 Ra1 37. Nb1 R1a2+ 38.
Kh3 Rf2 39. g4 $2 Bf4 0-1

[Event "POL-ch 52nd"]
[Site "Warsaw"]
[Date "1995.??.??"]
[Round "12"]
[White "Kaminski, Marcin"]
[Black "Grabarczyk, Bogdan"]
[Result "1-0"]
[WhiteElo "2455"]
[BlackElo "2375"]
[Annotator "Bulletin"]
[PlyCount "125"]
[EventDate "1995.02.11"]
[EventType "tourn"]
[EventRounds "17"]
[EventCountry "POL"]
[EventCategory "8"]
[SourceTitle "EXT 1999"]
[Source "ChessBase"]
[SourceDate "1998.11.16"]
[SourceVersion "1"]
[SourceVersionDate "1998.11.16"]
[SourceQuality "1"]

1. e4 c5 2. Nf3 d6 3. c3 Nf6 4. Be2 g6 5. O-O Bg7 6. Re1 O-O 7. Bf1 Nc6 8. a3
Bg4 9. d3 d5 10. h3 Bxf3 11. Qxf3 dxe4 12. dxe4 Na5 13. Nd2 Nd7 14. b4 cxb4 15.
axb4 Nc6 16. b5 Nce5 17. Qe3 Nb6 18. f4 Bh6 19. Qg3 Ned7 20. Nf3 Bg7 21. e5 Qc7
22. Be3 f6 23. Nd4 Nc5 24. f5 $1 fxe5 25. fxg6 hxg6 26. Nf3 Rf6 27. Ng5 Nbd7
28. Bc4+ e6 29. Qh4 Nf8 30. Kh1 b6 31. Rf1 Re8 32. Qg4 Ncd7 33. Rfd1 Rf5 34.
Nxe6 $1 Rxe6 (34... Nxe6 35. Qxg6 Qxc4 36. Rxd7 Ref8 37. Raxa7 Qf1+ 38. Kh2
R5f7 39. Qxe6 $18) 35. Bxe6+ Nxe6 36. Qxg6 Rf6 37. Qe4 Nf4 38. Bxf4 exf4 39.
Qd5+ Rf7 40. Re1 Qxc3 41. Re8+ Bf8 42. Rxa7 Qc5 43. Rxd7 Qxd5 44. Rxd5 Kg7 45.
Re6 Bc5 46. Rg5+ Kh7 47. Rd5 Ra7 48. Rd1 Kg7 49. h4 Kf7 50. Rh6 Kg8 51. h5 Rf7
52. Rd8+ Kg7 53. Rg6+ Kh7 54. Kh2 Rf5 55. Rd7+ Kh8 56. Rh6+ Kg8 57. Kh3 f3 58.
gxf3 Rxf3+ 59. Kg4 Rf1 60. Rg6+ Kh8 61. Rc6 Rg1+ 62. Kf3 Rf1+ 63. Ke2 1-0

[Event "Lugano Open-10"]
[Site "Lugano"]
[Date "1985.03.??"]
[Round "4"]
[White "Martinovic, Slobodan"]
[Black "Sosonko, Gennadi"]
[Result "1-0"]
[WhiteElo "2430"]
[BlackElo "2535"]
[Annotator "Bulletin"]
[PlyCount "63"]
[EventDate "1985.03.??"]
[EventType "swiss"]
[EventRounds "9"]
[EventCountry "SUI"]
[SourceTitle "EXT 2000"]
[Source "ChessBase"]
[SourceDate "1999.11.16"]
[SourceVersion "1"]
[SourceVersionDate "1999.11.16"]
[SourceQuality "1"]

1. e4 c5 2. Nf3 d6 3. c3 Nf6 4. Bd3 Bg4 5. Bc2 Nc6 6. d3 g6 7. Nbd2 Bg7 8. h3
Bd7 9. a3 O-O 10. O-O Ne8 11. Nb3 e5 12. d4 exd4 13. cxd4 cxd4 14. Nbxd4 Nxd4
15. Nxd4 Nc7 16. Be3 d5 17. Qf3 $1 Qf6 (17... dxe4 18. Bxe4 {/\ Bb7,Rd1}) (
17... Ne6 $5 18. Rad1 dxe4 19. Bxe4 (19. Nxe6 exf3 20. Nxd8 fxg2 21. Kxg2 Rfxd8
22. Be4 $15) 19... Ng5 20. Bxg5 Qxg5 21. Bxb7 Rad8 $13) 18. Qg3 Rac8 (18... Ne6
19. Rad1 dxe4 20. Bxe4 Nc5 21. Bf3) 19. Rad1 Rfe8 20. exd5 Nxd5 21. Bb3 $1 Nb6
(21... Ne7 $2 22. Bg5 Qb6 (22... Qe5 $2 23. Qxe5 Bxe5 24. Nf3 $1) 23. Qf3) 22.
Nf3 $1 {/\ Bd4, Bb6, Ng5} Ba4 (22... Qxb2 23. Bxb6 axb6 (23... Bb5 $2 24. Rb1 (
24. Ng5)) 24. Bxf7+ (24. Ng5 Be6 25. Nxe6 Rc3 $5) 24... Kxf7 25. Rxd7+ Kg8 26.
Rxb7) 23. Rd6 $1 Qxb2 24. Bxf7+ $1 Kxf7 25. Bxb6 Bb5 (25... axb6 26. Qf4+ Kg8
27. Qxa4) 26. Bd4 $1 Bxd4 27. Nxd4 Kg8 (27... Bxf1 $2 28. Qh4 $3 Kg8 29. Rd7
$18) 28. Rd1 Ba4 29. Rd3 (29. Rxg6+ hxg6 30. Qxg6+) 29... Kh8 30. Kh2 Qc1 31.
Ne6 $1 Qh6 32. R3d4 $1 {/\ Rh4,Qe5+} 1-0